[Event "Collado Villalba op-B 36th"]
[Site "Collado Villalba"]
[Date "2019.08.30"]
[Round "8"]
[White "Olias Munoz, Francisco"]
[Black "Reyes Garcia, Gilberto"]
[Result "0-1"]
[WhiteElo "1834"]
[BlackElo "1482"]
[PlyCount "58"]
[EventDate "2019.08.23"]
[EventType "swiss"]
[EventRounds "9"]
[EventCountry "ESP"]
[SourceTitle "CBM 192 Extra"]
[Source "Chessbase"]
[SourceDate "2019.11.06"]
[SourceVersion "1"]
[SourceVersionDate "2019.11.06"]
[SourceQuality "1"]

1. e4 c5 2. Nf3 d6 3. d4 cxd4 4. Nxd4 Nf6 5. Nc3 a6 6. Bg5 h6 7. Bh4 e6 8. Bd3 Be7 9. Bg3 b5 10. a3 Bb7 11. Qe2 Nbd7 12. 0-0-0 Nc5 13. e5 Nxd3+ 14. Rxd3 Nd5 15. Ne4 dxe5 16. Bxe5 0-0 17. Rg3 Nf6 18. Nxf6+ Bxf6 19. Rd1 Bd5 20. f4 Rc8 21. f5 Qe7 22. h4 Bxe5 23. Qxe5 f6 24. Qf4 e5 25. Qe3 Qc7 26. c3 exd4 27. Rxd4 Rfe8 28. Qd3 Bc4 29. Qf3 Re1+ 0-1

[Event "Villalba op 1st"]
[Site "Villalba"]
[Date "2013.07.29"]
[Round "3.2"]
[White "Olias Munoz, Francisco"]
[Black "Arbunic Castro, Giovanna B"]
[Result "0-1"]
[WhiteElo "1958"]
[BlackElo "2054"]
[PlyCount "64"]
[EventDate "2013.07.27"]
[EventType "swiss"]
[EventRounds "9"]
[EventCountry "ESP"]
[SourceTitle "EXT 2024"]
[Source "ChessBase"]
[SourceDate "2023.10.10"]
[SourceVersion "1"]
[SourceVersionDate "2023.10.10"]
[SourceQuality "1"]

1. e4 c5 2. Nf3 e6 3. d4 cxd4 4. Nxd4 a6 5. a3 Qc7 6. Nc3 Nf6 7. Bd3 Nc6 8. Nb3 Be7 9. h3 b5 10. 0-0 0-0 11. f4 d6 12. Be3 Bb7 13. Qe1 b4 14. axb4 Nxb4 15. Qf2 d5 16. Bb6 Qc8 17. exd5 Nxd3 18. cxd3 Bxd5 19. Nxd5 Nxd5 20. Bd4 Qb8 21. Na5 Rc8 22. Nc4 Qb4 23. Kh1 g6 24. f5 exf5 25. Qf3 Rd8 26. Ra5 Nf6 27. Bc3 Qb8 28. Re1 Qc7 29. Rae5 Bd6 30. Nxd6 Qxd6 31. Re7 Nd5 32. Be5 Qxe7 0-1

[Event "Benidorm op U2000 08th"]
[Site "Benidorm"]
[Date "2009.12.04"]
[Round "7"]
[White "Fuset Torralba, Jose Luis"]
[Black "Olias Munoz, Francisco"]
[Result "0-1"]
[WhiteElo "1873"]
[BlackElo "1962"]
[PlyCount "36"]
[EventDate "2009.11.28"]
[EventType "swiss"]
[EventRounds "10"]
[EventCountry "ESP"]
[SourceTitle "CBM 133 Extra"]
[Source "ChessBase"]
[SourceDate "2010.01.05"]
[SourceVersion "1"]
[SourceVersionDate "2010.01.05"]
[SourceQuality "1"]

1. e4 c5 2. Nf3 d6 3. d4 cxd4 4. Nxd4 Nf6 5. Nc3 g6 6. Be3 Bg7 7. f3 0-0 8. Qd2 Nc6 9. 0-0-0 d5 10. Nxc6 bxc6 11. exd5 Nxd5 12. Nxd5 cxd5 13. Qxd5 Qc7 14. Qxa8 Bf5 15. Qxf8+ Kxf8 16. c4 h5 17. Bd4 Qf4+ 18. Rd2 Bxd4 0-1

[Event "Calvia op 4th"]
[Site "Calvia"]
[Date "2007.10.23"]
[Round "9"]
[White "Mascaro March, Pedro"]
[Black "Olias Munoz, Francisco"]
[Result "1-0"]
[WhiteElo "2370"]
[BlackElo "1950"]
[PlyCount "79"]
[EventDate "2007.10.15"]
[EventType "swiss"]
[EventRounds "9"]
[EventCountry "ESP"]
[SourceTitle "CBM 120 Extra"]
[Source "ChessBase"]
[SourceDate "2007.11.01"]
[SourceVersion "1"]
[SourceVersionDate "2007.11.01"]
[SourceQuality "1"]

1. d4 d5 2. Nf3 e6 3. c4 dxc4 4. Qa4+ c6 5. Qxc4 b5 6. Qc2 Bb4+ 7. Bd2 Bxd2+ 8. Nbxd2 Nf6 9. g3 Bb7 10. Bg2 0-0 11. 0-0 Nbd7 12. Rfd1 Rc8 13. Nb3 Qe7 14. Rac1 Nd5 15. a3 h6 16. Nc5 Ba8 17. Nxd7 Qxd7 18. Ne5 Qc7 19. Bxd5 exd5 20. Qf5 Qe7 21. e3 g6 22. Qf4 Kg7 23. Rc5 f6 24. Nd3 Qe4 25. Qxe4 dxe4 26. Nf4 Kf7 27. Rdc1 Bb7 28. d5 cxd5 29. Rc7+ Kg8 30. Nxg6 Rxc7 31. Rxc7 Rb8 32. b4 a6 33. g4 Ba8 34. h4 Rb7 35. Rc8+ Kg7 36. Nf4 Ra7 37. Ne6+ Kf7 38. Nd4 Ke7 39. Kh2 Kd7 40. Rxa8 1-0